NRJ Music Awards 2005 - Les gagnants - Statistiques

Statistiques générales
  • Ce quiz a été pris 3 fois
  • Le résultat moyen est 1 sur 13
Statistiques - réponses
Hint Réponse % Correct
Artiste féminine francophone Jenifer
67%
Album francophone Le Passage (Jenifer)
33%
Artiste féminine internationale Avril Lavigne
0%
Groupe/duo international Blue
0%
Groupe/duo francophone Calogero / Passi
0%
Album international Elephunk (The Black Eyed Peas)
0%
Révélation francophone Emma Daumas
0%
Chanson francophone Femme Like U (K. Maro)
0%
Révélation internationale Maroon 5
0%
Clip de l'année Parce qu'on vient de loin (Corneille)
0%
Artiste masculin francophone Roch Voisine
0%
Chanson internationale This Love (Maroon 5)
0%
Artiste masculin international Usher
0%
Aucun quiz correspondant
Distribution des résultats
% des personnes avec chaque résultat
Percentile par nombre de réponses
Votre historique - résultats
Vous n’avez pas pris ce quiz